| 000 | 01207nam a2200301 a 4500 | ||
|---|---|---|---|
| 001 | 000005444 | ||
| 005 | 20251112115145.0 | ||
| 008 | 090819s1989 es 001 0bspa d | ||
| 020 | _a8400069781 | ||
| 040 | _aDO-SdBNP | ||
| 082 |
_a980 _bL864v |
||
| 100 | 1 |
_aLopez Medel, Tomas _d1509-1582 _915464 |
|
| 245 | 1 | 0 |
_aVisita de la gobernación de Popayan : _blibro de tributos (1558-1559) / _cTomas Lopez Medel ; edición Berta Ares Queija; estudio preliminiar y transcripción Berta Ares Queija ; preámbulo Francisco de Solano. |
| 260 |
_aMadrid, : _bConsejo Superior de Investigacioes Científicas, _c1989. |
||
| 300 |
_a325 p. ; _c24 cm. |
||
| 490 | 1 |
_aTierra nueva e cielo nuevo ; _vv. 29 |
|
| 500 | _aIncluye notas al pié de las páginas | ||
| 500 | _aV centenario del descubrimiento de Améirca | ||
| 504 | _aBibliografía : p. lvii-lix | ||
| 650 | 0 |
_aIndígenas de América del Sur _96752 |
|
| 650 | 4 |
_aEncomiendas _915465 |
|
| 650 | 4 |
_aTrato a los indígenas _zColombia _915466 |
|
| 700 | 1 | 2 |
_aAres Queija, Berta, _eed. _915467 |
| 700 | 1 | 2 |
_aSolano, Francisco de _915306 |
| 830 | 0 |
_aTierra nueva e cielo nuevo ; _nv. 29 _915468 |
|
| 910 | _aValidado. Control de calidad MFF | ||
| 049 | _aBNGR | ||
| 999 |
_c5244 _d5244 |
||